[Event "SWZ-ch int"]
[Site "?"]
[Date "1992.??.??"]
[Round "5"]
[White "Wirthensohn, Heinz"]
[Black "Brunner, Lucas"]
[Result "1-0"]
[WhiteElo "2395"]
[BlackElo "2490"]

1.Nf3 Nf6 2.c4 g6 3.Nc3 Bg7 4.e4 d6 5.d4 O-O 6.Be2 e5 7.Be3 Nbd7 8.O-O h6
9.d5 Ng4 10.Bd2 f5 11.g3 fxe4 12.Nh4 g5 13.Bxg4 gxh4 14.Be6+ Kh8 15.Qh5 Nf6
16.Qxh4 Bxe6 17.dxe6 Ng8 18.Qh3 Qe8 19.Rae1 Qg6 20.Rxe4 Rae8 21.Rfe1 Qxe6
22.Qxe6 Rxe6 23.R4e2 Ne7 24.Nd5 Nxd5 25.cxd5 Re7 26.Rc1 Rc8 27.Bb4 Rd8 28.Re4 Rf7
29.Rec4 Rdd7 30.Ba5 b6 31.Bd2 a5 32.b4 axb4 33.Bxb4 Bf6 34.a4 Bd8 35.a5 bxa5
36.Bxa5 Rf3 37.R4c3 Rdf7 38.Rxf3 Rxf3 39.Rc3 Rf7 40.Rb3 Kg7 41.Rb8 Rd7 42.f3 Kf7
43.Kf2 h5 44.Bd2 Kg6 45.Ke2 Bf6 46.Rc8 Bd8 47.Kd3 Kf5 48.h3 Bf6 49.g4+ Kg6
50.Ba5 hxg4 51.hxg4 Rd8 52.Rxd8 Bxd8 53.Bd2 Be7 54.Kc4 Bg5 55.Ba5 Be7 56.Kb5 Kg5
57.Bd2+ Kh4 58.Kc6 Kg3 59.g5 Kxf3 60.Kd7  1-0

[Event "SWZ-ch int"]
[Site "?"]
[Date "1992.??.??"]
[Round "8"]
[White "Wirthensohn, Heinz"]
[Black "Kishnev, Sergey"]
[Result "1-0"]
[WhiteElo "2395"]
[BlackElo "2530"]

1.Nf3 Nf6 2.c4 g6 3.Nc3 Bg7 4.e4 d6 5.d4 O-O 6.Be2 e5 7.Be3 Ng4 8.Bg5 f6
9.Bh4 g5 10.Bg3 Nh6 11.d5 a5 12.h4 g4 13.Nh2 Qd7 14.Nf1 Na6 15.Ne3 Nc5 16.Qd2 Qf7
17.h5 f5 18.exf5 Nxf5 19.Nxg4 e4 20.Bf4 Nd4 21.Nh6+ Bxh6 22.Bxh6 Qxf2+ 23.Kd1 Rf5
24.Be3 Qxg2 25.Rg1 Qxg1+ 26.Bxg1 Nxe2 27.Qxe2 Rg5 28.Be3 Rg7 29.Kd2 Bg4 30.Qh2 Nd3
31.Bd4 Rg5 32.Nxe4  1-0

[Event "Sydney op"]
[Site "Sydney"]
[Date "1992.??.??"]
[Round "5"]
[White "Jamieson, Robert Murray"]
[Black "Pickles, Stephen"]
[Result "1-0"]
[WhiteElo "2455"]
[BlackElo "2215"]

1.d4 Nf6 2.Nf3 g6 3.c4 Bg7 4.Nc3 O-O 5.e4 d6 6.Be2 e5 7.O-O Qe8 8.d5 a5 9.Ne1 Na6
10.Nd3 Nb4 11.Be3 Nxd3 12.Qxd3 Nd7 13.a3 Nc5 14.Qc2 a4 15.Rad1 b6 16.Nb5 Qe7
17.Bxc5 bxc5 18.b4 axb3 19.Qxb3 f5 20.f3 Bh6 21.Rd3 Rf7 22.Qd1 Ba6 23.a4 Raf8
24.Qe1 Qg5 25.g3 Bc8 26.a5 Qd8 27.Ra3 Ba6 28.Kg2 Bg5 29.Rb3 Qd7 30.Bd3 h5
31.exf5 gxf5 32.f4 Bf6 33.Qb1 e4 34.Be2 h4 35.Qd1 Rg7 36.Bh5 Rb8 37.Be2 Kh7
38.Na7 Rbg8 39.Nc6 Bc8 40.Rh1 Kh6 41.Qd2 Rg6 42.Qa2 Qg7 43.a6 Bc3 44.Kf1 Rxg3
45.hxg3 Qxg3 46.Rxc3 Qg2+ 47.Ke1 Qxh1+ 48.Bf1 Rg1 49.Qf2 Bxa6 50.Ne7 Kh5
51.Nxf5 Bc8 52.Qe2+  1-0

[Event "Sydney op"]
[Site "Sydney"]
[Date "1992.??.??"]
[Round "10"]
[White "Wallace, John Paul"]
[Black "Lumongdong, Lisa Karlina"]
[Result "1-0"]
[WhiteElo "2340"]
[BlackElo "2055"]

1.d4 Nf6 2.c4 g6 3.Nc3 Bg7 4.e4 d6 5.Nf3 O-O 6.Be2 e5 7.Be3 Ng4 8.Bg5 f6
9.Bc1 f5 10.Bg5 Bf6 11.Bxf6 Qxf6 12.exf5 gxf5 13.Qd2 c6 14.h3 e4 15.hxg4 exf3
16.gxf3 fxg4 17.O-O-O Qf4 18.Qxf4 Rxf4 19.fxg4 Rxf2 20.Bd3 Nd7 21.Ne4 Rg2
22.Nxd6 Nf6 23.Rdg1 Rxg1+ 24.Rxg1 Bxg4 25.Ne4  1-0

[Event "Tampere"]
[Site "Tampere"]
[Date "1992.??.??"]
[Round "7"]
[White "Degerman, Lars"]
[Black "Maki, Veijo"]
[Result "1-0"]
[WhiteElo "2420"]
[BlackElo "2415"]

1.d4 Nf6 2.c4 g6 3.Nc3 Bg7 4.e4 d6 5.Nf3 O-O 6.Be2 e5 7.Be3 h6 8.O-O Ng4
9.Bc1 Nc6 10.d5 Ne7 11.Nd2 f5 12.exf5 gxf5 13.Bxg4 fxg4 14.Nde4 Ng6 15.c5 a6
16.Be3 Rf4 17.Qb3 Bf8 18.cxd6 cxd6 19.Bxf4 exf4 20.f3 g3 21.hxg3 fxg3 22.Nxg3 Qh4
23.Nce2 Bg7 24.f4 Bg4 25.Qd3 Nf8 26.Nf5 Bxf5 27.Qxf5 Re8 28.Rae1 Re3 29.g3 Qe7
30.Kf2 b5 31.Nc3 Bd4 32.Rxe3 Qxe3+ 33.Kg2 b4 34.Qg4+ Kh7 35.Nd1 Qd2+ 36.Kh3 a5
37.Qf5+ Kg7 38.Qe4 a4 39.Qe7+ Kg8 40.f5 Qd3 41.Rf4 Nh7 42.Qe8+ Kg7 43.Qe7+ Kg8
44.f6 Bxf6 45.Qe8+ Kg7 46.Ne3 Ng5+ 47.Kg2 Be5 48.Nf5+  1-0

[Event "Tel Aviv"]
[Site "Tel Aviv"]
[Date "1992.??.??"]
[Round "1"]
[White "Zilberman, Yaacov"]
[Black "Davies, Nigel R"]
[Result "1-0"]
[WhiteElo "2485"]
[BlackElo "2460"]

1.d4 Nf6 2.Nf3 g6 3.c4 Bg7 4.Nc3 O-O 5.e4 d6 6.Be2 e5 7.d5 Nbd7 8.O-O Nc5
9.Qc2 a5 10.Bg5 h6 11.Be3 b6 12.Nd2 Bg4 13.h3 Bd7 14.b3 Nh7 15.a3 f5 16.f3 Nf6
17.b4 Nb7 18.exf5 gxf5 19.f4 Qe8 20.Kh1 Nh5 21.Bxh5 Qxh5 22.Nf3 Rae8 23.Rae1 Rf7
24.Bg1 Bc8 25.Nb5 axb4 26.axb4 e4 27.Nfd4 Kh7 28.Ra1 Bf6 29.Ra7 Rg7 30.Ne6 Bxe6
31.Rxb7 Bd7 32.Rxc7 Bxb5 33.cxb5 e3 34.Re1 e2 35.Bf2 Re4 36.Rxg7+ Bxg7 37.Bxb6 Qe8
38.Qd3 Bf6 39.Bf2 Kg7 40.b6 Qe7 41.Qb5 Bc3 42.b7 Bxe1 43.Bxe1 Rxf4 44.Bc3+ Kg6
45.b8=Q  1-0

[Event "Tel Aviv"]
[Site "Tel Aviv"]
[Date "1992.??.??"]
[Round "2"]
[White "Rechlis, Gad"]
[Black "Kagan, Shimon"]
[Result "1/2-1/2"]
[WhiteElo "2515"]
[BlackElo "2380"]

1.d4 Nf6 2.c4 g6 3.Nc3 Bg7 4.e4 d6 5.Be2 O-O 6.Nf3 e5 7.O-O Nbd7 8.Re1 c6
9.Bf1 a5 10.h3 Re8 11.d5 Nc5 12.b3 cxd5 13.cxd5 Bd7 14.Nd2 Qb8 15.Bb5 Rc8
16.Nc4 Bxb5 17.Nxb5 Ra6 18.f3 a4 19.Rb1 axb3 20.axb3 Bf8 21.Be3 Ne8 22.Rc1 Nd7
23.Re2 Nc7 24.Nca3 Nxb5 25.Nxb5 Rxc1 26.Qxc1 Ra5 27.Qc4 Qa8 28.Rc2 Ra1+ 29.Kh2 Qa6
30.Nc7 Qa5 31.Ne8 Qe1 32.Rc1 Rxc1 33.Qxc1 Qxc1 34.Bxc1 Nc5 35.Ba3 Nxb3 36.Bxd6 Bxd6
37.Nxd6 Nc5 38.Kg3 Kf8 39.Kf2 Ke7 40.Nb5 Nd3+ 41.Kf1 f5 42.Ke2 Nf4+ 43.Kf2 h5
44.h4 Nd3+  1/2-1/2

[Event "Tel Aviv-B"]
[Site "Tel Aviv"]
[Date "1992.??.??"]
[Round "7"]
[White "Tseitlin, Mark D"]
[Black "Gruenfeld, Yehuda"]
[Result "1/2-1/2"]
[WhiteElo "2440"]
[BlackElo "2510"]

1.d4 Nf6 2.Nf3 g6 3.c4 Bg7 4.Nc3 O-O 5.e4 d6 6.Be2 e5 7.Be3 Qe7 8.dxe5 dxe5
9.Nd5 Nxd5 10.cxd5 Rd8 11.Qb3 c6 12.O-O cxd5 13.exd5 b6 14.Rfd1 Ba6 15.d6 Qd7
16.Bxa6 Nxa6 17.Bg5 Re8 18.Be7 h6 19.Qc4 Nc5 20.b4 Na4 21.Qb3 e4 22.Nd4 Rac8
23.Qh3 f5 24.Qb3+ Kh7 25.Qf7 Nc3 26.Ne6 Rg8 27.Re1 Qe8 28.Qxe8 Rcxe8 29.Rac1 Nd5
30.Nc7 Nxe7 31.Nxe8 Rxe8 32.dxe7 Rxe7 33.Kf1 Be5 34.Rc6 h5 35.Rd1 h4 36.h3 Kh6
37.Rd8 Kg5 38.Rg8 Bg7 39.Ke2 f4 40.Rcc8 Kf5 41.Rge8 Rxe8 42.Rxe8 a5 43.bxa5 bxa5
44.f3 e3 45.Kd3 Be5 46.Ra8 Bc7 47.Ra7 Bb6 48.Rb7 Bd8 49.Rd7 Bb6 50.Rd5+ Ke6
51.Rg5 Kf6 52.Rb5 Bd8 53.Rd5 Ke7 54.Rc5 Kd6 55.Rc4 Ke5 56.Re4+ Kf5 57.Re8 Bc7
58.Rh8 g5 59.Rh6 Ke5 60.Rg6 Bd8 61.Ra6 Bc7 62.Ra8 Ke6 63.Kc2 Kd7 64.Ra6 Bd8
65.Rg6 Be7 66.a4 Bd8 67.Kc3 Be7 68.Kc2 Bd8 69.Kd3 Be7 70.Rb6 Bd8 71.Rb5 Ke6
72.Ke4 Bc7 73.Kd4 Bd8 74.Kd3 Kd6 75.Kc2 Ke6 76.Kc3 Kd6 77.Kd3 Ke6 78.Kc4 Be7
79.Kd3 Bd8 80.Kc4 Be7 81.Kd3 Bd8  1/2-1/2

[Event "Tel Aviv"]
[Site "Tel Aviv"]
[Date "1992.??.??"]
[Round "10"]
[White "Rechlis, Gad"]
[Black "Fishbein, Alexander"]
[Result "1/2-1/2"]
[WhiteElo "2515"]
[BlackElo "2495"]

1.d4 Nf6 2.c4 g6 3.Nc3 Bg7 4.e4 d6 5.Be2 O-O 6.Nf3 e5 7.O-O c6 8.Re1 exd4
9.Nxd4 Re8 10.Bf1 Qb6 11.h3 Nbd7 12.Nb3 a5 13.Na4 Qb4 14.Nd4 Nc5 15.Nc2 Qxa4
16.Re3 Nfxe4 17.b3 Nxb3 18.axb3 Qxa1 19.Nxa1 Bxa1 20.f3 Nf6 21.g4 Bd7 22.Qxd6 Be6
23.Kg2 a4 24.bxa4 Rxa4 25.Ra3 Rxa3 26.Qxa3 Be5 27.Qb4 Nd7 28.Qxb7 c5 29.Qe4 Bd4
30.Bh6 Rb8 31.Qc6 Ne5 32.Qd6 Ra8 33.h4 Nxc4 34.Bxc4 Bxc4 35.Qc6 Rd8 36.Qb7 Re8
37.Qc6 Rb8 38.Qc7 Re8  1/2-1/2

[Event "SWE-ch op"]
[Site "Vaxjo"]
[Date "1992.??.??"]
[Round "?"]
[White "Eklund, Mathias"]
[Black "Andersson, Goran"]
[Result "0-1"]
[WhiteElo "2235"]
[BlackElo "2245"]

1.d4 Nf6 2.c4 g6 3.Nc3 Bg7 4.e4 d6 5.Nf3 O-O 6.Be2 e5 7.dxe5 dxe5 8.Qxd8 Rxd8
9.Bg5 c6 10.Nxe5 Re8 11.O-O-O Na6 12.Nf3 Bg4 13.h3 Nxe4 14.Nxe4 Rxe4 15.Be3 Bxf3
16.Bxf3 Rxc4+ 17.Kb1 Rb4 18.Rd2 Nc7 19.Rhd1 Bc3 20.Rc2 Nb5 21.Rd7 Bf6 22.Kc1 Rb8
23.Rcd2 a5 24.Be2 a4 25.a3 Re4 26.Bxb5 cxb5 27.Ba7 Rc8+ 28.Rc2 Re1+ 29.Kd2 Re2+
30.Kxe2 Rxc2+ 31.Kf1 Rxb2 32.Rxb7 h5 33.Bc5 Bc3 34.Rb8+ Kh7 35.Rb7 Kg7 36.Rb8 b4
37.Bxb4 Bxb4 38.axb4 a3  0-1

[Event "Viernheim"]
[Site "Viernheim"]
[Date "1992.??.??"]
[Round "10"]
[White "Banas, Jan"]
[Black "Schmaltz, Roland"]
[Result "1/2-1/2"]
[WhiteElo "2375"]
[BlackElo "2305"]

1.d4 g6 2.c4 Bg7 3.e4 d6 4.Nc3 Nf6 5.Be2 O-O 6.Nf3 e5 7.d5 a5 8.Bg5 h6 9.Bh4 Na6
10.Nd2 h5 11.O-O Bh6 12.f3 Be3+ 13.Kh1 g5 14.Be1 h4 15.Nb3 Nc5 16.Bd2  1/2-1/2

[Event "Walsall"]
[Site "Walsall"]
[Date "1992.??.??"]
[Round "4"]
[White "Wells, Peter K"]
[Black "Agnos, Demetrios"]
[Result "1-0"]
[WhiteElo "2455"]
[BlackElo "2410"]

1.d4 Nf6 2.c4 g6 3.Nc3 Bg7 4.e4 d6 5.Nf3 O-O 6.Be2 e5 7.Be3 Ng4 8.Bg5 f6
9.Bc1 Nc6 10.O-O Kh8 11.d5 Ne7 12.Ne1 f5 13.Bxg4 fxg4 14.Be3 b6 15.b4 h6
16.c5 g5 17.Rc1 a6 18.Nd3 Rb8 19.cxb6 cxb6 20.b5 a5 21.Na4 Bd7 22.Qb3 Ng6
23.Ndb2 Nf4 24.Rfe1 Qf6 25.Nxb6 Be8 26.Rc6 g3 27.hxg3 h5 28.N2c4 Rd8 29.gxf4 exf4
30.Bc1 g4 31.e5 Qe7 32.Rxd6 Rxd6 33.Nxd6 Bg6 34.Nbc4 h4 35.b6 f3 36.b7 Qc7
37.e6 g3 38.e7 Re8 39.Qxf3  1-0

[Event "Wiesbaden op"]
[Site "Wiesbaden"]
[Date "1992.??.??"]
[Round "?"]
[White "Bandza, Algirdas"]
[Black "Friedrich, Norbert"]
[Result "1-0"]
[WhiteElo "2365"]
[BlackElo "2315"]

1.d4 Nf6 2.c4 g6 3.Nc3 Bg7 4.e4 d6 5.Be2 O-O 6.Nf3 e5 7.dxe5 dxe5 8.Qxd8 Rxd8
9.Nd5 Nxd5 10.cxd5 c6 11.Bc4 cxd5 12.Bxd5 Na6 13.Bg5 Re8 14.O-O-O Nb4 15.Bb3 Bg4
16.h3 Rac8+ 17.Kb1 Bxf3 18.gxf3 Rc7 19.Rc1 Rec8 20.Rxc7 Rxc7 21.Be3 Nc6 22.Rc1 a6
23.Bd5 Kf8 24.b4 Ke8 25.a4 Kd7 26.Bb6 Rc8 27.Bxf7 Rf8 28.Bd5 Rxf3 29.b5 axb5
30.axb5 Ne7 31.Rc7+ Kd6 32.Bc4 Rxh3 33.Rxb7 Rc3 34.Ba2 Bf6 35.Ba5  1-0

[Event "Wisla BES op"]
[Site "Wisla"]
[Date "1992.??.??"]
[Round "3"]
[White "Skalik, Przemyslaw"]
[Black "Potomak, Vladimir"]
[Result "1-0"]
[WhiteElo "2375"]
[BlackElo "2290"]

1.d4 Nf6 2.c4 g6 3.Nc3 Bg7 4.e4 d6 5.Be2 O-O 6.Nf3 Nbd7 7.O-O e5 8.Qc2 a5
9.Rd1 exd4 10.Nxd4 Re8 11.Be3 Nc5 12.f3 Nfd7 13.Bf2 Ne5 14.Ndb5 Ned7 15.Nd5 Na6
16.a3 Rf8 17.Ndc3 Qe7 18.Rab1 Ne5 19.Nd5 Qd8 20.Nbxc7 Nxc7 21.Bb6 Nxd5 22.Bxd8 Ne3
23.Qc1 Nxd1 24.Bh4 Be6 25.Qxd1 Bxc4 26.Be1 b5 27.Bc3 a4 28.Bxc4 Nxc4 29.Bxg7 Kxg7
30.Qd4+ f6 31.h4 Rf7 32.h5 Raa7 33.Kf2 g5 34.Rh1 h6 35.Rd1 Rfc7 36.Rd3 Rc5
37.b3 axb3 38.Rxb3 Rac7 39.Kg3 Ra7 40.Rxb5 Rac7 41.a4 Kf7 42.Rxc5 Rxc5 43.a5 Nxa5
44.Qxd6 Re5 45.Qd7+ Kg8 46.Qc7 Kf8 47.Qh7  1-0

[Event "Wisla BES op"]
[Site "Wisla"]
[Date "1992.??.??"]
[Round "4"]
[White "Yezersky, Vladimir"]
[Black "Chekhov, Valery A"]
[Result "0-1"]
[WhiteElo "2295"]
[BlackElo "2550"]

1.d4 Nf6 2.c4 g6 3.Nc3 Bg7 4.e4 d6 5.Nf3 O-O 6.Be2 e5 7.O-O Qe8 8.dxe5 dxe5
9.b3 Qd7 10.Ba3 Rd8 11.Qc2 Qe8 12.Rad1 Rxd1 13.Rxd1 Bg4 14.Nb5 Na6 15.Ne1 Bxe2
16.Qxe2 Rd8 17.Rd3 Bf8 18.Bxf8 Kxf8 19.Qe3 c6 20.Nd6 Qe7 21.Qh6+ Kg8 22.Nf5 gxf5
23.Rg3+ Ng4 24.exf5 f6 25.Rxg4+ Kh8 26.Rg6 Rd6 27.g4 Nc5 28.Nf3 Nd3 29.c5 Nxc5
30.Ng5 Rd1+ 31.Kg2 fxg5 32.f6 Qf7 33.Rxg5 Qd5+ 34.Kg3 Ne6 35.f7 Rd3+ 36.Kh4 Rh3+
37.Kxh3 Qf3+ 38.Kh4 Qxf2+  0-1

[Event "Wuerzburg op"]
[Site "Wuerzburg"]
[Date "1992.??.??"]
[Round "?"]
[White "Przewoznik, Jan"]
[Black "Mazi, Leon"]
[Result "1/2-1/2"]
[WhiteElo "2415"]
[BlackElo "2315"]

1.Nf3 Nf6 2.c4 g6 3.Nc3 Bg7 4.e4 O-O 5.d4 d6 6.Be2 Nbd7 7.O-O e5 8.Qc2 c6
9.Rd1 Re8 10.Bg5 h6 11.Bh4 Qc7 12.d5 c5 13.Ne1 a6 14.a3 Nh7 15.f3 Bf6 16.Bf2 Qd8
17.b4 b6 18.Rab1 h5 19.Rb2 h4 20.Rdb1 Bg5 21.bxc5 bxc5 22.Qa4 Be7 23.Nc2 f5
24.Ne3 f4 25.Nf1 Kg7 26.Nd1 Rh8 27.Be1 Ng5 28.Ba5 Qf8 29.h3 Nf7 30.Nf2 Bd8
31.Be1 Bc7 32.Ng4 Qd8 33.Nd2 Nf6 34.Qb3 Ng5 35.Qd3 Bd7 36.Rb7 Bc8 37.R7b2 Bd7
38.Rb7 Bc8 39.R7b2  1/2-1/2

[Event "Zalaegerszeg op"]
[Site "Zalaegerszeg"]
[Date "1992.??.??"]
[Round "?"]
[White "Csiszar, Csaba"]
[Black "Portisch, Ferenc"]
[Result "1/2-1/2"]
[WhiteElo "2235"]
[BlackElo "2400"]

1.d4 Nf6 2.c4 g6 3.Nc3 Bg7 4.e4 d6 5.Be2 O-O 6.Nf3 e5 7.Be3 h6 8.h3 exd4
9.Nxd4 Re8 10.f3 Nc6 11.Qd2 Nh5 12.O-O Kh7 13.Nc2 Ng3 14.Rfe1 Be6 15.Nd5 Ne5
16.Bf2 Nxe2+ 17.Qxe2 c6 18.Nde3 c5 19.Red1 f5 20.f4 Nf7 21.exf5 Bxf5 22.Qd2 Be4
23.Nd5 Rb8 24.Nc3 Qf6 25.Bg3 Qe6 26.Na3 a6 27.Re1 Qf5 28.Nxe4 Rxe4 29.Rxe4 Qxe4
30.Bf2 Re8 31.Re1 Qc6 32.Rxe8 Qxe8 33.b3 Qe4 34.Qe3 Qxe3 35.Bxe3 Nd8 36.Kf2  1/2-1/2

[Event "Zalaegerszeg op"]
[Site "Zalaegerszeg"]
[Date "1992.??.??"]
[Round "?"]
[White "David, Alberto"]
[Black "Lingnau, Carsten"]
[Result "1-0"]
[WhiteElo "2295"]
[BlackElo "2340"]

1.Nf3 Nf6 2.c4 g6 3.Nc3 Bg7 4.e4 d6 5.d4 O-O 6.Be2 e5 7.Be3 exd4 8.Nxd4 Re8
9.f3 c6 10.Bf2 Nbd7 11.O-O d5 12.exd5 cxd5 13.Ndb5 Nb6 14.c5 Nbd7 15.Nd6 Re6
16.Re1 b6 17.Nxc8 Rxc8 18.Ba6 Rxe1+ 19.Qxe1 Rc6 20.cxb6 Nxb6 21.Rd1 Qf8 22.Bb5 Re6
23.Qd2 h5 24.Bf1 Bh6 25.Qd4 Bg7 26.Qc5 Qb8 27.Qa5 Kh7 28.b3 Bh6 29.Nb5 Nbd7
30.Qxa7 Qc8 31.Qc7 Qa8 32.a4 Be3 33.Bxe3 Rxe3 34.Nd4 Qe8 35.Qc1 h4 36.Kf2 Re5
37.Bb5 Qb8 38.Qf4 g5 39.Qd2 Re7 40.Qxg5 Qxh2 41.Nf5  1-0

[Event "Zalaegerszeg op"]
[Site "Zalaegerszeg"]
[Date "1992.??.??"]
[Round "?"]
[White "Csiszar, Csaba"]
[Black "Stanke, Juergen"]
[Result "0-1"]
[WhiteElo "2235"]
[BlackElo "2240"]

1.d4 Nf6 2.c4 g6 3.Nc3 Bg7 4.e4 d6 5.Nf3 O-O 6.Be2 Nbd7 7.O-O e5 8.Be3 h6
9.d5 Ng4 10.Bd2 f5 11.Ne1 Ngf6 12.exf5 gxf5 13.f4 Qe7 14.Nf3 Ne4 15.Be1 exf4
16.Nd4 Ndc5 17.Kh1 Bd7 18.Rxf4 Qe5  0-1

[Event "Zalaegerszeg op"]
[Site "Zalaegerszeg"]
[Date "1992.??.??"]
[Round "?"]
[White "Csiszar, Csaba"]
[Black "Wallner, Alfred"]
[Result "1-0"]
[WhiteElo "2235"]
[BlackElo "2215"]

1.d4 Nf6 2.c4 g6 3.Nc3 Bg7 4.e4 d6 5.Nf3 O-O 6.Be2 e5 7.O-O Nbd7 8.Be3 a5
9.d5 Nc5 10.Nd2 Nfd7 11.Rb1 f5 12.f3 Nf6 13.b3 Bd7 14.a3 f4 15.Bf2 g5 16.g4 fxg3
17.hxg3 h5 18.b4 axb4 19.axb4 Na4 20.Nxa4 Bxa4 21.Qc1 Bd7 22.c5 g4 23.c6 bxc6
24.dxc6 Be6 25.Bc4 Qe7 26.Be3 d5 27.Bc5 Qf7 28.exd5 Nxd5 29.Bxf8 Bxf8 30.Ne4 Nf4
31.gxf4 Bxc4 32.Ng5 Qd5 33.Rd1 Qxc6 34.Qc2 Bg7 35.Rbc1 Qb6+ 36.Kh1 Bb5 37.Qh7+ Kf8
38.Qxh5 Be8 39.Qxg4 Qh6+ 40.Kg1 Qb6+ 41.Rc5 Ke7 42.Ne6 Bf6 43.Nxc7  1-0

[Event "Zalakaros op"]
[Site "Zalakaros"]
[Date "1992.??.??"]
[Round "2"]
[White "David, Adrian"]
[Black "Anka, Emil"]
[Result "0-1"]
[WhiteElo "2300"]
[BlackElo "2330"]

1.Nf3 Nf6 2.c4 g6 3.Nc3 Bg7 4.e4 d6 5.d4 O-O 6.Be2 e5 7.Be3 Ng4 8.Bg5 f6
9.Bc1 Nc6 10.O-O Nh6 11.h3 Nf7 12.dxe5 dxe5 13.Qxd8 Nfxd8 14.Nd5 Ne6 15.Rd1 Ncd4
16.Nxd4 exd4 17.Bg4 Rf7 18.Bxe6 Bxe6 19.Bf4 Rc8 20.Rxd4 g5 21.Be3 c6 22.Nc3 c5
23.Rd6 Bxc4 24.Rad1 Bf8 25.Rd8 Rxd8 26.Rxd8 Kg7 27.b3 Ba6 28.Nd5 Bb5 29.e5 fxe5
30.Bxg5 Rd7 31.Rxd7+ Bxd7 32.Bf6+ Kf7 33.Bxe5 Ke6 34.Nf6 Bb5 35.Bc3 Bd3 36.Ng4 b5
37.Ne3 b4 38.Bb2 Bb1 39.Nc4 Bxa2 40.Na5 Bd6 41.Nb7 Be7 42.f4 Bxb3 43.g4 Bd5  0-1

[Event "Zalakaros op"]
[Site "Zalakaros"]
[Date "1992.??.??"]
[Round "6"]
[White "Portisch, Ferenc"]
[Black "Anka, Emil"]
[Result "1-0"]
[WhiteElo "2410"]
[BlackElo "2330"]

1.d4 Nf6 2.c4 g6 3.Nc3 Bg7 4.e4 d6 5.Be2 O-O 6.Nf3 e5 7.d5 a5 8.Bg5 h6 9.Bh4 Qe8
10.Nd2 Na6 11.g4 Nh7 12.Rg1 Ng5 13.Bxg5 hxg5 14.Nf3 Bf6 15.Qd2 Kg7 16.Nxg5 Bxg5
17.Qxg5 Rh8 18.Rg2 Rh3 19.O-O-O Qh8 20.Rh1 Bd7 21.f3 f6 22.Qd2 Qh4 23.Nd1 Qh6
24.Qxh6+ Kxh6 25.Rg3 Rh4 26.Ne3 Kg5 27.Ng2 Rah8 28.Nxh4 Rxh4 29.Kd2 Kf4 30.Rg2 g5
31.Rb1 Nc5 32.b3 b6 33.Rf2 Rh8 34.Bd1 Ra8 35.Bc2 Rh8 36.a3 a4 37.b4 Nb7 38.Bd3 Rh3
39.Be2 Bc8 40.Rc1 Rh7 41.Rc3 Rf7 42.Rg2 Rh7 43.Ke1 Rf7 44.Kf2 Rh7 45.Rc1 Rh3
46.Rh1 Bd7 47.Rg3 Rh4 48.Bf1 Nd8 49.Rh3 Nf7 50.Bg2 Nd8 51.Rc1 Nb7 52.Rxh4 gxh4
53.Bh3  1-0

[Event "Zalakaros op"]
[Site "Zalakaros"]
[Date "1992.??.??"]
[Round "7"]
[White "Anka, Emil"]
[Black "Dobos, Jozsef"]
[Result "1/2-1/2"]
[WhiteElo "2330"]
[BlackElo "2365"]

1.d4 Nf6 2.c4 g6 3.Nc3 Bg7 4.e4 d6 5.Be2 O-O 6.Nf3 Nbd7 7.O-O e5 8.d5 h6
9.Ne1 Nc5 10.Qc2 a5 11.b3 Ne8 12.Be3 b6 13.f3 f5 14.Nd3 Nf6 15.a3 Nxd3 16.Qxd3 f4
17.Bf2 g5 18.Qd1 Rf7 19.b4 Bf8 20.c5 bxc5 21.bxc5 Rg7 22.cxd6 Bxd6 23.Na4 Qf8
24.Qc2 g4 25.Bc5 gxf3 26.Bxf3 Bg4 27.Kh1 Qf7 28.Bxd6 cxd6 29.Nb6 Rd8 30.Nc4 Kh8
31.Rae1 Qh5 32.Qc3 Rc8 33.Qd3 Bxf3 34.gxf3 Qh3 35.Rg1 Ng4 36.Rg2 Rcg8 37.Qe2 Ne3
38.Nxe3 fxe3 39.Reg1 Rxg2 40.Rxg2 Rxg2 41.Qxg2 Qc8 42.Qg6  1/2-1/2

[Event "Casablanca"]
[Site "Zaragoza"]
[Date "1992.??.??"]
[Round "?"]
[White "Estremera Panos, Sergio"]
[Black "Garcia, Raul"]
[Result "1-0"]
[WhiteElo "2330"]
[BlackElo "2270"]

1.d4 Nf6 2.c4 g6 3.Nc3 Bg7 4.e4 d6 5.Nf3 O-O 6.Be2 e5 7.O-O Qe8 8.dxe5 dxe5
9.Be3 Na6 10.h3 c6 11.c5 Qe7 12.Bxa6 bxa6 13.Qa4 Qc7 14.Nd2 a5 15.Nc4 Ba6
16.Rfd1 Bxc4 17.Qxc4 Rab8 18.Rd2 Rb4 19.Qd3 Rfb8 20.Rad1 Bf8 21.Qe2 Qc8 22.Qf3 Qe6
23.Rd6 Bxd6 24.Rxd6 Qe7 25.Rxf6 Qe8 26.Rd6  1-0

[Event "Aalborg op"]
[Site "Aalborg"]
[Date "1993.??.??"]
[Round "2"]
[White "Sherbakov, Ruslan"]
[Black "Borge, Nikolaj"]
[Result "1-0"]
[WhiteElo "2570"]
[BlackElo "2410"]

1.d4 Nf6 2.c4 g6 3.Nc3 Bg7 4.e4 d6 5.Be2 O-O 6.Nf3 e5 7.O-O exd4 8.Nxd4 Re8
9.f3 Nh5 10.g4 Nf6 11.Kh1 Na6 12.Be3 Nc5 13.Qd2 h5 14.g5 Nfd7 15.b4 Na6 16.a3 c6
17.f4 Nc7 18.Bf3 Nb6 19.Qd3 c5 20.Nde2 Be6 21.Nd5 Nxc4 22.Nf6+ Bxf6 23.gxf6 Nxe3
24.Qxe3 Qxf6 25.bxc5 dxc5 26.Qxc5 Qe7 27.Rac1 Qxc5 28.Rxc5 Na6 29.Rg5 Bd7
30.f5 Re5 31.Nf4 Bc6 32.Rg2 h4 33.Rg4 Bxe4 34.fxg6 Bxf3+ 35.Rxf3 f6 36.Rxh4 Rd8
37.Rfh3  1-0

[Event "Aalborg op"]
[Site "Aalborg"]
[Date "1993.??.??"]
[Round "9"]
[White "Shipov, Sergei"]
[Black "Kupreichik, Viktor D"]
[Result "1-0"]
[WhiteElo "2490"]
[BlackElo "2560"]

1.d4 Nf6 2.c4 g6 3.Nc3 Bg7 4.e4 d6 5.Be2 O-O 6.Nf3 e5 7.Be3 Ng4 8.Bg5 f6
9.Bh4 Qe8 10.O-O Nc6 11.d5 Nd8 12.Nd2 h5 13.h3 Nh6 14.b4 Ndf7 15.c5 Bd7 16.a4 f5
17.Nb5 Qb8 18.f3 a6 19.Na3 g5 20.Bf2 g4 21.fxg4 hxg4 22.hxg4 fxg4 23.Bh4 a5
24.bxa5 dxc5 25.Ndc4 Ra6 26.Rb1 Rg6 27.g3 c6 28.a6 cxd5 29.Rxb7 Qe8 30.Nb6 Bc6
31.Re7 Qd8 32.Nxd5 Qa5 33.Bc4 Bxa4 34.Qe1 Rxa6 35.Bxa6 Qxa6 36.Qe3 c4 37.Ra7 Qd6
38.Rxa4 Rb8 39.Nxc4 Qd7  1-0

[Event "DEN-chJ"]
[Site "Aarhus"]
[Date "1993.??.??"]
[Round "1"]
[White "Hansen, Kasper"]
[Black "Lindfeldt, Jan Magnus"]
[Result "0-1"]
[WhiteElo "2155"]
[BlackElo "2110"]

1.d4 Nf6 2.c4 g6 3.Nc3 Bg7 4.e4 d6 5.Nf3 O-O 6.Be2 e5 7.Be3 exd4 8.Nxd4 Re8
9.f3 c6 10.Qd2 d5 11.exd5 cxd5 12.O-O Nc6 13.Rad1 Qe7 14.Bf2 Nxd4 15.Bxd4 dxc4
16.Bxc4 Qb4 17.Ne4 Qxd2 18.Nxd2 Bf5 19.Nb3 b6 20.g4 Be6 21.Bb5 Red8 22.Be5 Rac8
23.Ba6 Rxd1 24.Rxd1 Re8 25.Bb5 Bxb3  0-1

[Event "DEN-chJ"]
[Site "Aarhus"]
[Date "1993.??.??"]
[Round "3"]
[White "Hansen, Kasper"]
[Black "Borbjerggaard, Lars"]
[Result "0-1"]
[WhiteElo "2155"]
[BlackElo "2215"]

1.d4 Nf6 2.c4 g6 3.Nc3 Bg7 4.e4 d6 5.Be2 O-O 6.Nf3 e5 7.Be3 Ng4 8.Bg5 f6
9.Bh4 Nc6 10.d5 Ne7 11.Nd2 Nh6 12.f3 g5 13.Bf2 f5 14.Qc2 b6 15.O-O-O c5 16.dxc6 Nxc6
17.Nb3 Qe7 18.Qd3 Nb4 19.Qxd6 Qxd6 20.Rxd6 fxe4 21.Nxe4 Nf7 22.Rdd1 Nxa2+
23.Kb1 Nb4 24.Be3 Bf5 25.Nc1 Rac8 26.b3 h6 27.Nd3 Nc6 28.Kb2 Rfd8 29.Ndf2 Nd4
30.Bd3 Be6 31.h4 Nf5 32.Ng4 Nxh4 33.Ngf6+ Bxf6 34.Nxf6+ Kg7 35.Ng4 Nxg2 36.Bc1 Nf4
37.Be4 Rxd1 38.Rxd1 h5 39.Ne3 Rd8 40.Rg1 Ne2 41.Rg2 Nxc1 42.Kxc1 Kf6 43.Ra2 a5
44.Rg2 Rg8 45.Kd2 Nd6 46.Bd3 Nc8 47.Kc3 Ne7 48.Rd2 Rd8 49.Ra2 Nc6 50.Be4 Nb4
51.Rg2 Bf7 52.Nf1 Bg6 53.Ng3 Rd4 54.Rg1 g4  0-1

[Event "Aarhus"]
[Site "Aarhus"]
[Date "1993.??.??"]
[Round "4"]
[White "Kjeldsen, Jens"]
[Black "Berg, Klaus"]
[Result "1/2-1/2"]
[WhiteElo "2380"]
[BlackElo "2395"]

1.c4 g6 2.Nc3 Bg7 3.d4 d6 4.e4 Nd7 5.Nf3 e5 6.Be2 Ngf6 7.O-O O-O 8.Qd2 c6
9.Rd1 Qe7 10.d5 c5 11.a3 b6 12.b4 Ne8 13.Rb1 f5 14.Ng5 Ndf6 15.f3 h6 16.Ne6 Bxe6
17.dxe6 Qxe6 18.exf5 gxf5 19.Bd3 f4 20.Qe2 Qc8 21.Ne4 Qc7 22.Bd2 Rd8 23.Nc3 Kh8
24.Kh1 Rg8 25.Rg1 Bf8 26.g3 fxg3 27.hxg3 Qf7 28.Rg2 Nh5 29.Rbg1 Nef6 30.Ne4 Nxe4
31.Qxe4 Be7 32.Be1 Rdf8 33.Be2 Rg7 34.Rh2 Kg8 35.Bd1 Nf6 36.Qd3 h5 37.Bd2 Qg6
38.Qxg6 Rxg6 39.Bc2 e4 40.fxe4 Ng4 41.Rxh5 Rf2 42.e5 Rg7 43.Bf5 Rxf5 44.Rxf5 Rh7+
45.Kg2 Rh2+ 46.Kf3 Nxe5+ 47.Rxe5 dxe5 48.Rd1 Kf7 49.b5 Ke6 50.a4 Kf5  1/2-1/2

[Event "Aarhus"]
[Site "Aarhus"]
[Date "1993.??.??"]
[Round "6"]
[White "Fries Nielsen, Jens Ove"]
[Black "Berg, Klaus"]
[Result "1/2-1/2"]
[WhiteElo "2400"]
[BlackElo "2395"]

1.c4 g6 2.d4 Bg7 3.Nc3 d6 4.e4 Nf6 5.Be2 O-O 6.Nf3 e5 7.dxe5 dxe5 8.Qxd8 Rxd8
9.Bg5 c6 10.Nxe5 Re8 11.f4 Nh5 12.Bxh5 gxh5 13.Bh4 Nd7 14.O-O Nxe5 15.fxe5 Bxe5
16.Bf6  1/2-1/2

[Event "DEN-chJ"]
[Site "Aarhus"]
[Date "1993.??.??"]
[Round "9"]
[White "Borbjerggaard, Lars"]
[Black "Loebler, Heimo"]
[Result "1-0"]
[WhiteElo "2215"]
[BlackElo "2350"]

1.d4 Nf6 2.c4 g6 3.Nc3 Bg7 4.e4 d6 5.Nf3 O-O 6.Be2 e5 7.Be3 c6 8.Qd2 Qe7
9.d5 c5 10.O-O Nh5 11.Ne1 Nf4 12.Bxf4 exf4 13.Qxf4 f5 14.Bd3 g5 15.Qd2 Bxc3
16.Qxc3 fxe4 17.Bc2 Bf5 18.Qe3 Nd7 19.Nf3 g4 20.Nd2 Rae8 21.Rae1 Nf6 22.f3 gxf3
23.Qg5+ Bg6 24.gxf3 e3 25.Bxg6 hxg6 26.Qxg6+ Qg7 27.Qxg7+ Kxg7 28.Nb1 Nh5
29.Nc3 Nf4 30.Kh1 Nd3 31.Re2 Rf5 32.Ne4 Rd8 33.b3 Kh6 34.Rxe3 Nf4 35.Rg1 Rd7
36.Rg4 Ng6 37.Ng3 Rf6 38.Re6 Rdf7 39.Kg2 Rxe6 40.dxe6 Nf4+ 41.Rxf4  1-0

[Event "Alcobendas op"]
[Site "Alcobendas"]
[Date "1993.??.??"]
[Round "3"]
[White "Gomez Jurado, Luis Alberto"]
[Black "Bernal Moro, Luis Javier"]
[Result "0-1"]
[WhiteElo "2300"]
[BlackElo "2385"]

1.d4 Nf6 2.Nf3 g6 3.c4 Bg7 4.Nc3 O-O 5.e4 d6 6.Be2 Nbd7 7.O-O e5 8.d5 Nc5
9.Qc2 a5 10.Bg5 h6 11.Bh4 g5 12.Bg3 Nh5 13.Nd2 Nf4 14.Rfe1 f5 15.exf5 Bxf5
16.Nde4 Qe8 17.Bf1 Qg6 18.f3 g4 19.fxg4 Bxg4 20.Kh1 Rf7 21.Bf2 Nxe4 22.Nxe4 Raf8
23.Be3 Bf5 24.Bd2 Nh3 25.Bd3 Bxe4 26.Bxe4 Nf2+ 27.Kg1 Nxe4 28.Rxe4 Rf2  0-1